000 00543nam a2200205Ia 4500
003 OSt
005 20250826111611.0
008 220917b |||||||| |||| 00| 0 eng d
037 _cTB
040 _aARTS
_cARTS
_beng
041 _2eng
_aeng
084 _aV2:1(zP) P0
_qAL
100 _aKhullar Darshan
_9143974
245 0 _aSecurity, peace and honour
260 _aNew Delhi
_bManas
_c2000
300 _a232p.
_ccm.
650 _aHISTORY
942 _hV2:1(zP) P0
_cTB
_2CC
_n0
999 _c276387
_d276387